Представление документа в формате RUSMARC

ПолеНазваниеЗначение
  Тип записи a
  Библиографический уровень c
001 Контрольный номер 267ddfa727ad4a3c86c5d5bb3038b57d
005 Дата корректировки 20240410121214.6
010 Индекс ISBN __
a ISBN 978-5-699-28116-9 (в пер.)
d Цена 255-20, 3000 экз.
100 Данные общей обработки __
a Данные общей обработки 19201904d2018||||||| 0rusy0189 ca
101 Язык документа 0_
a Язык текста rus
102 Страна публикации __
a Страна публикации ru|
102 Страна публикации __
a Страна публикации RU
105 Кодированные данные (монография) __
a Кодированные данные (монография) o||||||||||zy
200 Заглавие и сведения об ответственности 1_
a Заглавие Питомцы зоопарка
e Сведения, относящиеся к заглавию [для старшего школьного возраста]
f Первые сведения об ответственности Вера Чаплина
b Общее обозначение материала Текст
210 Выходные данные __
a Место издания Москва
c Издательство #эксмодетство
c Издательство Эксмо
d Дата издания 2018
215 Физическое описание __
a Объем 398, [1] с., [4] л. фот.
c Иллюстрации/тип воспроизводства фот.
d Формат 21 см
225 Серия __
a Серия Детская библиотека
225 Серия __
a Серия Дружим с детства!
327 Примечание о содержании __
a Примечание о содержании Кинули
327 Примечание о содержании __
a Примечание о содержании Волчья воспитанница
327 Примечание о содержании __
a Примечание о содержании Малышка
327 Примечание о содержании __
a Примечание о содержании Память зверя
327 Примечание о содержании __
a Примечание о содержании Фомка-белый медвежонок
327 Примечание о содержании __
a Примечание о содержании Ная-выдренок
327 Примечание о содержании __
a Примечание о содержании Куцый
327 Примечание о содержании __
a Примечание о содержании Обыкновенная кошка
327 Примечание о содержании __
a Примечание о содержании Нюрка
327 Примечание о содержании __
a Примечание о содержании Чужой
330 Аннотация __
a Аннотация Вашему вниманию предлагается книга Веры Чаплиной "Питомцы зоопарка". "Всю жизнь я очень любила животных, и сколько себя помню, всегда у меня воспитывались какие-нибудь птенцы, щенята, зайчата... Мне нравилось, когда меня дома встречали раскрытые рты галчат, сорок, когда серенькие желторотые воробьишки не улетали от протянутой руки, а зайчата смело прыгали ко мне на колени". Вера Чаплина Рекомендуем!
333 Примечание о целевом назначении __
a Примечание о целевом назначении 6+. Для детей старше шести лет
606 Тематические рубрики __
a Основная рубрика Художественная литература
z Хронологическая подрубрика 20 в.
y Географическая подрубрика Россия
606 Тематические рубрики __
a Основная рубрика Русская литература XX в. (произведения)
610 Ключевые слова __
a Ключевые слова детская литература
610 Ключевые слова __
a Ключевые слова детская проза
610 Ключевые слова __
a Ключевые слова тема приключений
610 Ключевые слова __
a Ключевые слова рассказы
610 Ключевые слова __
a Ключевые слова рассказы о животных
610 Ключевые слова __
a Ключевые слова тема дружбы
610 Ключевые слова __
a Ключевые слова тема животных
686 Индексы других классификаций __
2 Код системы rubbks
a Классификационный индекс 84(2=411.2)6-4; ст84(2=411.2)6-4
700 Автор _1
a Фамилия Чаплина
b Имя В. В.
f Даты 1906-1994
g Полное личное имя Вера Васильевна
4 Код отношения 070
801 Источник записи _0
a Страна ru
b Организация Муниципальное бюджетное учреждение культуры "Централизованная библиотечная система" г. Сургут (Центральная городская библиотека им. А. С. Пушкина)
c Дата составления 20201904
g Правила каталогизации PSBO
801 Источник записи _1
a Страна ru
b Организация Муниципальное бюджетное учреждение культуры "Централизованная библиотечная система" г. Сургут (Центральная городская библиотека им. А. С. Пушкина)
c Дата составления 20201904
g Правила каталогизации PSBO
852 Данные о местонахождении __
j Шифр хранения 84(2=411.2)6-4
i Авторский знак Ч-19
901 Тип документа 1_
t Тип документа x
a Ответственный КиК/Трушникова
903 Характеристики (МАРС) __
a Дата передачи 20190418
969 Тип издания __
a Тип издания издание для детей
990 Данные о заказе (DOS) __
j Количество экземпляров (DOS) 2
t N записи в КСУ для И/У (DOS) 201905